Crisis de una política de desarrollo y ascenso de las luchas populares en Panamá
Gespeichert in:
| 1. Verfasser: | |
|---|---|
| Format: | Text |
| Veröffentlicht: |
s.l.e :
|
| Tags: |
Tag hinzufügen
Keine Tags, Fügen Sie den ersten Tag hinzu!
|
MARC
| LEADER | 00000 a a2200000 04500 | ||
|---|---|---|---|
| 001 | 15666 | ||
| 003 | |||
| 040 | |||
| 090 | |a 029900 | ||
| 100 | |a Gandásegui H, Marco A. | ||
| 245 | |a Crisis de una política de desarrollo y ascenso de las luchas populares en Panamá | ||
| 260 | |a s.l.e : | ||
| 300 | |a 24 p. | ||
| 999 | |c 6140 |d 6140 | ||
